[Event "SVK Extraliga 2018/2019"]
[Site "?"]
[Date "2019.03.10"]
[Round "8.8"]
[White "Haring, Viktor"]
[Black "Szucs, Vladimir"]
[Result "1/2-1/2"]
[WhiteElo "2299"]
[BlackElo "2147"]
[PlyCount "119"]
[EventDate "2019.??.??"]

1. e4 e6 2. d4 d5 3. Nd2 a6 4. Ngf3 c5 5. exd5 exd5 6. dxc5 Bxc5 7. Nb3 Bb6 8.
Bd3 Qe7+ 9. Qe2 Nc6 10. Bg5 Qxe2+ 11. Bxe2 h6 12. Bf4 Bg4 13. O-O Nf6 14. h3
Bh5 15. Rae1 O-O 16. Ne5 Bxe2 17. Rxe2 Rfe8 18. Rfe1 Nxe5 19. Bxe5 Ne4 20. Bd4
Bxd4 21. Nxd4 Kf8 22. Rd1 g6 23. Re3 Rac8 24. Kf1 Rc7 25. c3 Nf6 26. Nc2 Rxe3
27. Nxe3 Rd7 28. Rd4 Ke7 29. Rb4 Kd8 30. a4 Kc7 31. Ke2 Kc6 32. a5 Rd6 33. f3
Nd7 34. Kd3 Nc5+ 35. Kd4 Nd7 36. g4 b5 37. axb6 Nxb6 38. Rb3 f6 39. Ra3 Kb5 40.
Rb3+ Kc6 41. Ra3 Kb5 42. h4 a5 43. h5 gxh5 44. Nf5 Rd8 45. Rb3+ Kc6 46. gxh5
Re8 47. Nxh6 Rh8 48. Nf5 Rxh5 49. Ne7+ Kc7 50. Rb5 Rh4+ 51. Kd3 Nc4 52. b3 Ne5+
53. Ke3 a4 54. bxa4 Rxa4 55. Rxd5 Rc4 56. Ke2 Kb7 57. Rb5+ Ka6 58. Rb3 Rf4 59.
Ra3+ Kb5 60. Nd5 1/2-1/2

[Event "SVK Extraliga 2018/2019"]
[Site "Modra"]
[Date "2019.03.10"]
[Round "8.1"]
[White "Leniart, Arkadiusz"]
[Black "Saric, Ivan"]
[Result "0-1"]
[WhiteElo "2488"]
[BlackElo "2703"]
[PlyCount "96"]
[EventDate "2019.??.??"]

1. d4 Nf6 2. c4 g6 3. Nc3 Bg7 4. e4 d6 5. Nf3 O-O 6. h3 e5 7. dxe5 dxe5 8. Qxd8
Rxd8 9. Bg5 Na6 10. Nd5 Rd6 11. Bxf6 Bxf6 12. O-O-O Nc5 13. Bd3 c6 14. Nxf6+
Rxf6 15. Bc2 Be6 16. b3 Rf4 17. Rd2 Re8 18. Re2 Bc8 19. b4 Ne6 20. c5 Rxf3 21.
gxf3 Nf4 22. Rd2 Bxh3 23. Bb3 Kf8 24. Rd6 Ke7 25. Kd2 h5 26. Ke3 h4 27. a4 Rc8
28. Bc4 g5 29. Rhd1 f6 30. Bb3 a6 31. Bc4 Ra8 32. Bb3 Ng6 33. Bc4 Nf8 34. b5
axb5 35. axb5 Bd7 36. bxc6 bxc6 37. Rb1 Ra5 38. Rdd1 Rxc5 39. Kd3 Ra5 40. Rb7
Ra3+ 41. Bb3 Ne6 42. Kc3 Nd4 43. f4 Rxb3+ 44. Rxb3 Nxb3 45. Kxb3 exf4 46. f3
Bh3 47. Rd2 g4 48. Rh2 g3 0-1

[Event "SVK Extraliga 2018/2019"]
[Site "Modra"]
[Date "2019.03.10"]
[Round "8.2"]
[White "Balogh, Csaba"]
[Black "Klekowski, Maciej"]
[Result "1-0"]
[WhiteElo "2614"]
[BlackElo "2499"]
[PlyCount "81"]
[EventDate "2019.??.??"]

1. e4 e5 2. Nf3 Nc6 3. Bb5 a6 4. Ba4 Nf6 5. Nc3 b5 6. Bb3 Be7 7. a4 b4 8. Nd5
Rb8 9. d4 d6 10. dxe5 dxe5 11. O-O O-O 12. Be3 Bg4 13. a5 Nxd5 14. Bxd5 Nd4 15.
Bxd4 exd4 16. h3 Bxf3 17. Qxf3 c5 18. Bc4 Bd6 19. Qf5 g6 20. Qd5 Ra8 21. e5 Be7
22. Qb7 Rb8 23. Qxa6 Qc7 24. Rfe1 Ra8 25. Qb5 Rfb8 26. Qa4 b3 27. cxb3 Kg7 28.
a6 Rb4 29. Qa2 Ra7 30. Qb1 Rb6 31. Qd3 Qc6 32. Re4 Bd8 33. f4 Qc8 34. Rf1 f6
35. exf6+ Bxf6 36. Rfe1 h5 37. Re8 Qf5 38. Qf3 d3 39. Bxd3 Bd4+ 40. Kh1 Qf6 41.
f5 1-0

[Event "SVK Extraliga 2018/2019"]
[Site "Modra"]
[Date "2019.03.10"]
[Round "8.3"]
[White "Druska, Juraj"]
[Black "Martinovic, Sasa"]
[Result "1-0"]
[WhiteElo "2434"]
[BlackElo "2558"]
[PlyCount "109"]
[EventDate "2019.??.??"]

1. e4 c5 2. Nf3 d6 3. d4 cxd4 4. Qxd4 Nf6 5. Be2 Nc6 6. Qe3 g6 7. O-O Bg7 8.
Rd1 O-O 9. Nc3 Ng4 10. Qg5 Bf6 11. Qf4 Qb6 12. Qg3 Bxc3 13. bxc3 Qc5 14. Rb1
Qxc3 15. Bb2 Qxc2 16. Bd3 Qa4 17. Qh4 f6 18. Rdc1 Be6 19. e5 dxe5 20. h3 Rad8
21. Bc2 Qf4 22. hxg4 Nb4 23. Bxe5 fxe5 24. Qxe7 Bxa2 25. Qxb4 Bxb1 26. Qxb1 Rc8
27. Re1 Rfe8 28. Re4 Qf6 29. Qxb7 Kh8 30. Ba4 Rc1+ 31. Kh2 Re7 32. Qb8+ Kg7 33.
Bb3 Qf8 34. Qd6 Qf6 35. Qd5 Rc8 36. g5 Qc6 37. Rxe5 Qxd5 38. Rxd5 Rb8 39. Bc4
h6 40. gxh6+ Kxh6 41. Bd3 Rb2 42. Ne5 Rd2 43. Nxg6 Rb7 44. Nf4 Rbb2 45. Rd7 Kg5
46. Kg3 Kf6 47. f3 a5 48. Ra7 Ra2 49. Bc4 Ra1 50. Ra6+ Ke5 51. Re6+ Kf5 52. Ng6
Ra3 53. Ne7+ Kg5 54. Rg6+ Kh5 55. Bf7 1-0

[Event "SVK Extraliga 2018/2019"]
[Site "Modra"]
[Date "2019.03.10"]
[Round "8.4"]
[White "Rigo, Zsolt"]
[Black "Manik, Mikulas"]
[Result "1/2-1/2"]
[WhiteElo "2392"]
[BlackElo "2386"]
[PlyCount "40"]
[EventDate "2019.??.??"]

1. e4 e5 2. Nf3 Nc6 3. Bb5 a6 4. Ba4 Nf6 5. O-O Be7 6. d3 b5 7. Bb3 d6 8. a3
O-O 9. Nc3 Bg4 10. Be3 Nd4 11. Bxd4 exd4 12. Nd5 Nd7 13. h3 Bxf3 14. Nxe7+ Qxe7
15. Qxf3 c6 16. Qg3 Rab8 17. f4 a5 18. Qf2 a4 19. Ba2 c5 20. c3 dxc3 1/2-1/2

[Event "SVK Extraliga 2018/2019"]
[Site "Modra"]
[Date "2019.03.10"]
[Round "8.5"]
[White "Jacko, Vladimir"]
[Black "Stohl, Igor"]
[Result "1/2-1/2"]
[WhiteElo "2323"]
[BlackElo "2488"]
[PlyCount "24"]
[EventDate "2019.??.??"]

1. e4 c6 2. d3 d5 3. Nd2 g6 4. g3 Bg7 5. Bg2 e5 6. Ngf3 Ne7 7. O-O O-O 8. Re1
d4 9. Nc4 b5 10. Ncd2 Nd7 11. a4 Nb6 12. b3 bxa4 1/2-1/2

[Event "SVK Extraliga 2018/2019"]
[Site "Modra"]
[Date "2019.03.10"]
[Round "8.6"]
[White "Schwarz, Dusan"]
[Black "Zambor, Norbert"]
[Result "0-1"]
[WhiteElo "2331"]
[BlackElo "2260"]
[PlyCount "72"]
[EventDate "2019.??.??"]

1. d4 Nf6 2. c4 e6 3. Nc3 Bb4 4. f3 c5 5. d5 O-O 6. e4 d6 7. Bg5 h6 8. Bh4 Re8
9. a3 Ba5 10. Nge2 exd5 11. cxd5 Nbd7 12. Bf2 Ne5 13. Ng3 a6 14. Be2 Ng6 15.
O-O Nf4 16. Qd2 Nxe2+ 17. Ngxe2 Nd7 18. Rab1 Ne5 19. b4 cxb4 20. axb4 Bb6 21.
Nd4 Bd7 22. Rbc1 Rc8 23. Nce2 Qf6 24. Rfd1 h5 25. Rxc8 Rxc8 26. Rc1 Rxc1+ 27.
Nxc1 h4 28. Nce2 h3 29. f4 Ng4 30. Bg3 Bb5 31. Kh1 Qg6 32. f5 Nf2+ 33. Kg1 Qg4
34. gxh3 Nxh3+ 35. Kg2 Ng5 36. Ng1 Qxe4+ 0-1

[Event "SVK Extraliga 2018/2019"]
[Site "Modra"]
[Date "2019.03.10"]
[Round "8.8"]
[White "Federic, Jozef"]
[Black "Danada, Tomas"]
[Result "0-1"]
[WhiteElo "2224"]
[BlackElo "2221"]
[PlyCount "122"]
[EventDate "2019.??.??"]

1. d4 Nf6 2. Nf3 d5 3. e3 c5 4. Be2 Nc6 5. O-O cxd4 6. exd4 Qc7 7. c4 dxc4 8.
Na3 Bg4 9. Be3 e6 10. Nxc4 Bd6 11. h3 Bh5 12. Rc1 Nd5 13. Nce5 Bxe5 14. Nxe5
Bxe2 15. Qxe2 O-O 16. Nxc6 bxc6 17. Rc5 Rab8 18. Rfc1 Rb6 19. b3 Qb7 20. Bd2
Nb4 21. Be1 Rc8 22. R1c4 h6 23. Qd2 Nd5 24. Qc2 Ne7 25. Bd2 Rb5 26. Bf4 Rxc5
27. dxc5 Rd8 28. Bc1 Rd5 29. Bb2 Qd7 30. Qc3 e5 31. f4 Ng6 32. fxe5 Nxe5 33.
Rd4 Rxd4 34. Qxd4 Qxd4+ 35. Bxd4 Nd3 36. Be3 f5 37. Kf1 Kf7 38. Ke2 Nb4 39. Bd2
Na6 40. b4 Ke6 41. Kd3 Kd5 42. a3 Nc7 43. Bc1 a5 44. Be3 a4 45. Bc1 Ne6 46. Bd2
f4 47. h4 g5 48. hxg5 hxg5 49. Bc3 g4 50. Bd2 g3 51. Ke2 Nd4+ 52. Kf1 Ke4 53.
Bc1 f3 54. Bb2 Ne2 55. b5 Nf4 56. gxf3+ Kxf3 57. Bd4 g2+ 58. Ke1 Nd3+ 59. Kd2
Nf2 60. bxc6 g1=Q 61. c7 Qd1+ 0-1

[Event "SVK Extraliga 2018/2019"]
[Site "?"]
[Date "2019.03.10"]
[Round "8.1"]
[White "Babula, Vlastimil"]
[Black "Cvek, Robert"]
[Result "1/2-1/2"]
[WhiteElo "2551"]
[BlackElo "2517"]
[PlyCount "57"]
[EventDate "2019.??.??"]

1. d4 d5 2. c4 e6 3. Nc3 Be7 4. Nf3 Nf6 5. Bf4 O-O 6. a3 dxc4 7. e3 c5 8. Bxc4
cxd4 9. Nxd4 Nbd7 10. Bg3 Nb6 11. Ba2 Nbd5 12. Nxd5 Nxd5 13. O-O Qb6 14. Qe2
Bd7 15. Bxd5 exd5 16. Rfd1 Bf6 17. Rd2 Rfe8 18. Qd1 Rac8 19. h3 Bxd4 20. Rxd4
Qxb2 21. Rb4 Qc3 22. Rxb7 Ba4 23. Qb1 a6 24. Kh2 Bc2 25. Qb2 Qxb2 26. Rxb2 h6
27. Rc1 Ba4 28. Rxc8 Rxc8 29. Rb6 1/2-1/2

[Event "SVK Extraliga 2018/2019"]
[Site "?"]
[Date "2019.03.10"]
[Round "8.2"]
[White "Vykouk, Jan"]
[Black "Markos, Jan"]
[Result "1/2-1/2"]
[WhiteElo "2442"]
[BlackElo "2566"]
[PlyCount "66"]
[EventDate "2019.??.??"]

1. e4 c5 2. Nf3 Nc6 3. d4 cxd4 4. Nxd4 Nf6 5. Nc3 e5 6. Ndb5 d6 7. Bg5 a6 8.
Na3 b5 9. Nd5 Be7 10. Bxf6 Bxf6 11. c4 Nd4 12. cxb5 Be6 13. bxa6 Bxd5 14. exd5
Qa5+ 15. Qd2 Qxd5 16. Nb5 Qe4+ 17. Qe3 Nc2+ 18. Kd2 Qxe3+ 19. fxe3 Nxa1 20.
Nc7+ Ke7 21. Nxa8 Rxa8 22. Be2 e4 23. Rxa1 Bxb2 24. Rb1 Ba3 25. Bc4 f5 26. Rb7+
Kf6 27. Rf7+ Kg6 28. Rd7 Bc5 29. h3 Kf6 30. Rf7+ Kg6 31. g4 fxg4 32. hxg4 Rxa6
33. Rxg7+ Kxg7 1/2-1/2

[Event "SVK Extraliga 2018/2019"]
[Site "?"]
[Date "2019.03.10"]
[Round "8.3"]
[White "Mrva, Martin"]
[Black "Jablonicky, Martin"]
[Result "1/2-1/2"]
[WhiteElo "2416"]
[BlackElo "2308"]
[PlyCount "85"]
[EventDate "2019.??.??"]

1. e4 c5 2. Nf3 d6 3. d4 cxd4 4. Nxd4 Nf6 5. Nc3 Nc6 6. Be2 g6 7. Be3 Bg7 8.
Qd2 O-O 9. O-O-O Nxd4 10. Bxd4 Be6 11. h4 Qa5 12. Qg5 Qxg5+ 13. hxg5 Nd7 14. f4
f6 15. Nd5 Bxd5 16. exd5 fxg5 17. Bg4 Nc5 18. Bxc5 dxc5 19. Be6+ Kh8 20. f5
gxf5 21. Rh5 Rf6 22. Rdh1 h6 23. Rxg5 Raf8 24. Kd2 f4 25. Ke2 f3+ 26. gxf3 Rxf3
27. Rg2 R3f4 28. c3 b5 29. Rhh2 a5 30. Rg6 R8f6 31. Rxf6 Rxf6 32. Rh4 Rg6 33.
Kf2 Be5 34. Re4 Rg5 35. b4 axb4 36. cxb4 Bd6 37. bxc5 Bxc5+ 38. Kf3 Bd6 39. Rg4
Rxg4 40. Kxg4 Kg7 41. Bd7 b4 42. Ba4 Kg6 43. Bc2+ 1/2-1/2

[Event "SVK Extraliga 2018/2019"]
[Site "?"]
[Date "2019.03.10"]
[Round "8.4"]
[White "Istona, Martin"]
[Black "Krak, Tomas"]
[Result "1/2-1/2"]
[WhiteElo "2249"]
[BlackElo "2288"]
[PlyCount "81"]
[EventDate "2019.??.??"]

1. e4 c5 2. Nf3 Nc6 3. d4 cxd4 4. Nxd4 d6 5. Nc3 e5 6. Nf5 Bxf5 7. exf5 Qd7 8.
Nd5 Nf6 9. Bc4 Be7 10. O-O O-O 11. f4 Nxd5 12. Bxd5 Qxf5 13. g4 Qc8 14. c3 exf4
15. Bxf4 Ne5 16. Bxe5 dxe5 17. Qf3 Qc5+ 18. Kh1 Rad8 19. Rad1 b5 20. Bxf7+ Kh8
21. Rxd8 Bxd8 22. Qg2 Bb6 23. Bb3 e4 24. Rxf8+ Qxf8 25. Bd5 Qf4 26. Qe2 h5 27.
Bxe4 hxg4 28. Bd3 Be3 29. Kg2 a6 30. Qf1 Qxf1+ 31. Bxf1 Bc1 32. b3 Bf4 33. a4
Be5 34. axb5 axb5 35. Bxb5 Bxc3 36. Bd7 Kg8 37. Bxg4 Kf7 38. Kf3 Ke7 39. Ke4
Kd6 40. h4 Kc5 41. h5 1/2-1/2

[Event "SVK Extraliga 2018/2019"]
[Site "?"]
[Date "2019.03.10"]
[Round "8.5"]
[White "Holtman, Teodor"]
[Black "Rohacek, Miroslav"]
[Result "0-1"]
[WhiteElo "2282"]
[BlackElo "2218"]
[PlyCount "127"]
[EventDate "2019.??.??"]

1. e4 c5 2. Nf3 d6 3. d4 cxd4 4. Nxd4 Nf6 5. Nc3 a6 6. h3 e5 7. Nde2 h5 8. g3
Nbd7 9. a4 Be7 10. Bg2 b6 11. O-O Bb7 12. Be3 Rc8 13. Nd5 Nxd5 14. exd5 h4 15.
Qd2 f5 16. f4 O-O 17. b3 hxg3 18. fxe5 Nxe5 19. Nd4 Qd7 20. Ne6 Rf6 21. Bxb6
Qe8 22. c4 Qh5 23. Rae1 Rxe6 24. dxe6 Nf3+ 25. Rxf3 Bxf3 26. Qf4 Bxg2 27. Kxg2
Rf8 28. Qf3 Qh6 29. a5 g5 30. Bd4 g4 31. Qxg3 Bh4 32. Qe3 f4 33. Qe4 Bxe1 34.
Qxe1 Qxh3+ 35. Kg1 g3 36. Qe4 Qh5 37. e7 Re8 38. Qe6+ Kh7 39. Qe4+ Qg6 40. Qxf4
Kg8 41. Bf6 Qc2 42. Qxg3+ Kf7 43. Qg7+ Ke6 44. Bg5 Qxb3 45. Qg6+ Kd7 46. Qf5+
Kc7 47. Qf7 Qd1+ 48. Kf2 Qc2+ 49. Kg1 Kd7 50. Qd5 Qb1+ 51. Kf2 Qb2+ 52. Kf3
Qc3+ 53. Kf4 Qc1+ 54. Kf5 Qb1+ 55. Kf4 Qf1+ 56. Kg4 Qg1+ 57. Kf4 Qf2+ 58. Kg4
Qc5 59. Qb7+ Ke6 60. Qe4+ Qe5 61. Qg6+ Kd7 62. Bf6 Qxa5 63. Qf7 Qc5 64. Bg5 0-1

[Event "SVK Extraliga 2018/2019"]
[Site "?"]
[Date "2019.03.10"]
[Round "8.6"]
[White "Bury, Rastislav"]
[Black "Pcola, Pavol"]
[Result "1/2-1/2"]
[WhiteElo "2123"]
[BlackElo "2381"]
[PlyCount "104"]
[EventDate "2019.??.??"]

1. d4 d5 2. Nf3 c6 3. g3 Nf6 4. Bg2 h6 5. O-O Bf5 6. b3 Nbd7 7. Bb2 e6 8. Nbd2
Be7 9. Ne5 O-O 10. Re1 Qb6 11. Nxd7 Nxd7 12. e4 dxe4 13. Nxe4 Nf6 14. Qe2 Nxe4
15. Bxe4 Bxe4 16. Qxe4 Bf6 17. Rad1 Rfd8 18. c4 Rd7 19. Re2 Rad8 20. Red2 a5
21. Bc3 a4 22. b4 Qa6 23. Qe2 b5 24. c5 Rd5 25. Kg2 R8d7 26. h4 g6 27. Qe3 Bg7
28. f3 Qc8 29. Qf4 Qd8 30. Qe3 Kh7 31. Qf4 e5 32. dxe5 Rxd2+ 33. Rxd2 Rxd2+ 34.
Qxd2 Qxd2+ 35. Bxd2 Bxe5 36. Be1 h5 37. Kf1 Kg7 38. Ke2 Kf6 39. Kd3 Ke6 40. Bf2
f5 41. f4 Bb2 42. Bd4 Ba3 43. Bc3 Kd5 44. Be1 Bb2 45. Bf2 Bf6 46. Be3 Bg7 47.
Bf2 Bb2 48. Be3 Ba1 49. Bf2 Bf6 50. Be3 Bb2 51. Bf2 Ba3 52. Be1 Bb2 1/2-1/2

[Event "SVK Extraliga 2018/2019"]
[Site "?"]
[Date "2019.03.10"]
[Round "8.1"]
[White "Papp, Gabor"]
[Black "Ponizil, Cyril"]
[Result "1-0"]
[WhiteElo "2599"]
[BlackElo "2502"]
[PlyCount "95"]
[EventDate "2019.??.??"]

1. e4 c5 2. Nf3 e6 3. d4 cxd4 4. Nxd4 a6 5. c4 Nf6 6. Nc3 Bb4 7. Qd3 d5 8. exd5
exd5 9. Be2 O-O 10. O-O Nc6 11. Nxc6 bxc6 12. cxd5 Nxd5 13. Nxd5 Qxd5 14. Qg3
Re8 15. Bf3 Qb5 16. Be3 Be6 17. a4 Qb7 18. Rac1 Rac8 19. h4 Bd5 20. Bxd5 cxd5
21. Rxc8 Rxc8 22. Rd1 Bf8 23. Bd4 h6 24. b3 Re8 25. Qd3 Qb4 26. g3 Re1+ 27.
Rxe1 Qxe1+ 28. Kg2 Qe6 29. Qe3 Qc6 30. Qe5 Qb7 31. Qe3 Qc6 32. Kh2 Qb7 33. Qc3
Bb4 34. Qd3 Bf8 35. Qe3 Qc6 36. Qc3 Qb7 37. Qa5 f6 38. Bb6 Qc6 39. b4 Kf7 40.
Qxa6 Bxb4 41. Qa7+ Ke6 42. a5 g5 43. hxg5 hxg5 44. a6 Bd6 45. Bd4 Qa4 46. Qb6
Kf5 47. a7 Kg6 48. Qb1+ 1-0

[Event "SVK Extraliga 2018/2019"]
[Site "?"]
[Date "2019.03.10"]
[Round "8.2"]
[White "Roubalik, Jakub"]
[Black "Banusz, Tamas"]
[Result "1/2-1/2"]
[WhiteElo "2405"]
[BlackElo "2614"]
[PlyCount "89"]
[EventDate "2019.??.??"]

1. d4 Nf6 2. c4 e6 3. Nc3 Bb4 4. e3 O-O 5. Bd3 c5 6. Nf3 Nc6 7. O-O Bxc3 8.
bxc3 d6 9. e4 e5 10. d5 Ne7 11. Nd2 h6 12. Re1 Nh7 13. Nf1 f5 14. exf5 Bxf5 15.
Ng3 Bxd3 16. Qxd3 Qd7 17. a4 Rf7 18. a5 Raf8 19. Ra2 Nf5 20. Nxf5 Rxf5 21. Be3
Nf6 22. Rb1 Ng4 23. Rab2 b6 24. axb6 axb6 25. h3 Nxe3 26. Qxe3 Rf4 27. Rxb6 Qf5
28. Rb8 Kh7 29. R1b2 Rf6 30. Rd8 h5 31. Rbb8 h4 32. Rh8+ Kg6 33. Rbg8 Qe4 34.
Qd2 Qxc4 35. f3 e4 36. fxe4 Qxe4 37. Re8 Qb1+ 38. Kh2 Qf5 39. Re2 c4 40. Qe3
Qxd5 41. Qe8+ Qf7 42. Qc8 Qd5 43. Qe8+ Qf7 44. Qc8 Qd5 45. Qe8+ 1/2-1/2

[Event "SVK Extraliga 2018/2019"]
[Site "?"]
[Date "2019.03.10"]
[Round "8.3"]
[White "Ftacnik, Lubomir"]
[Black "Motuz, Karol"]
[Result "1-0"]
[WhiteElo "2513"]
[BlackElo "2368"]
[PlyCount "87"]
[EventDate "2019.??.??"]

1. Nf3 d5 2. e3 Nf6 3. c4 e6 4. b3 Be7 5. Bb2 O-O 6. Nc3 c5 7. cxd5 Nxd5 8. Qb1
Nc6 9. Bd3 h6 10. O-O b6 11. Nxd5 exd5 12. Bb5 Bb7 13. d4 Qd6 14. Rd1 Rfd8 15.
Bc3 Bf8 16. Qb2 Qe6 17. Rd2 c4 18. bxc4 dxc4 19. Re1 a6 20. d5 Rxd5 21. Bxc4
Rxd2 22. Nxd2 Qg6 23. Qxb6 Rb8 24. e4 Bd6 25. Nf3 Bc8 26. Qe3 Be6 27. Qe2 a5
28. Rd1 Bb4 29. Ba1 Bf8 30. Bd5 Bxd5 31. exd5 Nb4 32. Ne5 Qf5 33. g4 Qf4 34. a3
Re8 35. axb4 Bd6 36. Qf3 Bxe5 37. Qxf4 Bxf4 38. bxa5 Bd6 39. Bd4 Ra8 40. Bb6
Kf8 41. Re1 g6 42. Re4 Kg7 43. h4 h5 44. g5 1-0

[Event "SVK Extraliga 2018/2019"]
[Site "?"]
[Date "2019.03.10"]
[Round "8.4"]
[White "Piesik, Piotr"]
[Black "Bures, Jaroslav"]
[Result "1/2-1/2"]
[WhiteElo "2420"]
[BlackElo "2391"]
[PlyCount "221"]
[EventDate "2019.??.??"]

1. Nf3 d5 2. g3 Bg4 3. Bg2 Nd7 4. c4 e6 5. cxd5 exd5 6. O-O Ngf6 7. d3 Bd6 8.
Nc3 c6 9. Qc2 O-O 10. e4 Re8 11. h3 Bxf3 12. Bxf3 dxe4 13. dxe4 Bb4 14. Bf4
Bxc3 15. bxc3 Ne5 16. Bg2 Qd3 17. Qb3 Nf3+ 18. Kh1 Nxe4 19. Rad1 Qe2 20. Rd7
Rf8 21. Be3 Ne5 22. Rxb7 Nxg3+ 23. fxg3 Qxe3 24. c4 Qc5 25. Re1 Rad8 26. Qe3
Qxe3 27. Rxe3 Rd1+ 28. Kh2 Nxc4 29. Re2 a5 30. Bxc6 Rfd8 31. a4 g6 32. Bb5 Nd6
33. Ra7 Nxb5 34. axb5 R8d2 35. Rxd2 Rxd2+ 36. Kg1 Ra2 37. h4 Kg7 38. b6 a4 39.
b7 Rb2 40. Rxa4 Rxb7 41. Kg2 h6 42. Ra5 Rb2+ 43. Kf3 h5 44. Ra6 Rb5 45. Rc6
Rf5+ 46. Kg2 Rf6 47. Rc5 Rd6 48. Kf3 Kf6 49. Ke4 Ra6 50. Rb5 Ra4+ 51. Kf3 Rd4
52. Ke3 Rg4 53. Kf3 Rd4 54. Ke3 Rc4 55. Kf3 Ke6 56. Rb7 Rc5 57. Ra7 Rf5+ 58.
Ke4 Rf1 59. Ra6+ Ke7 60. Rb6 Kf8 61. Ra6 Kg7 62. Rb6 Kh6 63. Ra6 f6 64. Ra8
Re1+ 65. Kf3 Re7 66. Ra6 Kg7 67. Ra5 Kf7 68. Ra6 Rd7 69. Kf4 Ke7 70. Ra4 Rd5
71. Kf3 Ke6 72. Re4+ Re5 73. Ra4 Re1 74. Kf2 Rd1 75. Ke2 Rc1 76. Kf3 Kd5 77.
Ra8 Rc3+ 78. Kf4 Rc4+ 79. Kf3 Rd4 80. Re8 Kd6 81. Re3 Rc4 82. Re8 Kd7 83. Rg8
Rg4 84. Ra8 f5 85. Ra7+ Ke6 86. Ra6+ Kf7 87. Ra7+ Kf6 88. Ra6+ Kg7 89. Ra7+ Kh6
90. Ra6 Re4 91. Rb6 Re7 92. Kf4 Re1 93. Kf3 Kg7 94. Ra6 Re4 95. Rb6 Kf7 96. Ra6
Re6 97. Ra3 Kf6 98. Rb3 Rd6 99. Re3 Rd4 100. Ra3 Rd6 101. Rb3 g5 102. hxg5+
Kxg5 103. Ra3 Rd4 104. Rb3 h4 105. gxh4+ Rxh4 106. Rb8 Rh3+ 107. Kg2 Ra3 108.
Rb4 Re3 109. Kf2 Re4 110. Rxe4 fxe4 111. Ke3 1/2-1/2

[Event "SVK Extraliga 2018/2019"]
[Site "?"]
[Date "2019.03.10"]
[Round "8.5"]
[White "Zetocha, Claudiu"]
[Black "Wiewiora, Eneasz"]
[Result "0-1"]
[WhiteElo "2316"]
[BlackElo "2354"]
[PlyCount "92"]
[EventDate "2019.??.??"]

1. c4 Nf6 2. Nf3 g6 3. b3 Bg7 4. Bb2 O-O 5. e3 c5 6. Be2 Nc6 7. O-O d5 8. cxd5
Qxd5 9. d3 b6 10. Nbd2 Bb7 11. a3 Rfd8 12. Qc2 Rac8 13. Rfd1 Qe6 14. Bf1 Nd5
15. Bxg7 Kxg7 16. Re1 Kg8 17. Rab1 Qf6 18. Ne4 Qg7 19. Rbc1 h6 20. Qb1 Ba6 21.
Ned2 Kh7 22. h4 Kg8 23. Qc2 Nf6 24. Qb1 Nd5 25. Qc2 Rc7 26. Red1 e6 27. Nc4 Qf6
28. Ncd2 Bb7 29. Re1 Rcc8 30. Ne4 Qg7 31. g3 f5 32. Ned2 g5 33. hxg5 hxg5 34.
e4 Nd4 35. Nxd4 cxd4 36. Qd1 Rxc1 37. Qxc1 Nc3 38. Bg2 Rc8 39. Qb2 Rf8 40. b4
f4 41. gxf4 gxf4 42. Nf3 Rf6 43. Kh2 Rh6+ 44. Bh3 Qg4 45. Ng5 Qxg5 46. Rg1
Rxh3+ 0-1

[Event "SVK Extraliga 2018/2019"]
[Site "?"]
[Date "2019.03.10"]
[Round "8.6"]
[White "Vojtek, Vladimir"]
[Black "Briestensky, Rastislav"]
[Result "1-0"]
[WhiteElo "2296"]
[BlackElo "2345"]
[PlyCount "55"]
[EventDate "2019.??.??"]

1. e4 d6 2. d4 Nf6 3. Nc3 g6 4. f4 Bg7 5. Nf3 O-O 6. Bd3 c5 7. dxc5 dxc5 8. Qe2
Nc6 9. e5 Ng4 10. h3 Nh6 11. g4 f6 12. Be3 fxe5 13. fxe5 Nf7 14. O-O-O Qa5 15.
Bc4 e6 16. Ne4 Nfxe5 17. Nxe5 Nxe5 18. Bxc5 Nxc4 19. Qxc4 Qc7 20. Qd3 Re8 21.
Rhf1 e5 22. Nd6 Re6 23. Ba3 Bd7 24. Nxb7 Be8 25. Nd8 Qb6 26. Nxe6 Qxe6 27. Qd6
Qxa2 28. Rf8+ 1-0

[Event "SVK Extraliga 2018/2019"]
[Site "?"]
[Date "2019.03.10"]
[Round "8.7"]
[White "Petran, Peter"]
[Black "Zpevak, Pavel"]
[Result "1/2-1/2"]
[WhiteElo "2244"]
[BlackElo "2340"]
[PlyCount "80"]
[EventDate "2019.??.??"]

1. Nf3 Nf6 2. g3 d5 3. Bg2 c6 4. d3 Bg4 5. Nbd2 Nbd7 6. O-O e5 7. e4 Bd6 8. b3
O-O 9. Bb2 Re8 10. Re1 a5 11. a3 Bh5 12. c3 Qb6 13. Qc2 Ng4 14. Re2 Rad8 15. h3
Ngf6 16. b4 Qc7 17. Qb3 Qb6 18. Ree1 Bf8 19. Rab1 Ra8 20. Nh4 Qa6 21. Qc2 axb4
22. cxb4 Qb5 23. Bf1 Qa4 24. Qxa4 Rxa4 25. Rbc1 Raa8 26. Bg2 dxe4 27. dxe4 Nb6
28. Rc2 Nfd7 29. g4 Bg6 30. Bf1 f6 31. Nxg6 hxg6 32. h4 Be7 33. Nb3 Kf8 34. Rd1
Red8 35. Na5 Rab8 36. Bc1 Ke8 37. Be3 Nc8 38. Rdc1 Nf8 39. Bc4 Nd6 40. Bb6 Rd7
1/2-1/2

[Event "SVK Extraliga 2018/2019"]
[Site "?"]
[Date "2019.03.10"]
[Round "8.8"]
[White "Veres, Andrej"]
[Black "Kostolansky, Sebastian"]
[Result "1/2-1/2"]
[WhiteElo "2220"]
[BlackElo "2308"]
[PlyCount "48"]
[EventDate "2019.??.??"]

1. e4 g6 2. d4 Bg7 3. c4 d6 4. Nc3 Nf6 5. Nf3 O-O 6. Be2 c5 7. h3 Na6 8. Be3
cxd4 9. Nxd4 Nc5 10. Qc2 e5 11. Ndb5 a6 12. Rd1 Ncxe4 13. Nxd6 Nxd6 14. c5 Bf5
15. Qc1 Qa5 16. cxd6 Rac8 17. O-O Ne4 18. d7 Nxc3 19. bxc3 Rcd8 20. Bg4 Qb5 21.
Bxf5 gxf5 22. Bh6 f6 23. Bxg7 Kxg7 24. Qc2 Rxd7 1/2-1/2

[Event "SVK Extraliga 2018/2019"]
[Site "Dunajov"]
[Date "2019.03.10"]
[Round "8.1"]
[White "Erdos, Viktor"]
[Black "Piorun, Kacper"]
[Result "0-1"]
[WhiteElo "2612"]
[BlackElo "2631"]
[PlyCount "117"]
[EventDate "2019.??.??"]

1. Nf3 d5 2. d4 Nf6 3. c4 dxc4 4. e3 b5 5. a4 b4 6. Nbd2 e6 7. Nxc4 Be7 8. Bd3
O-O 9. e4 Bb7 10. e5 Nfd7 11. h4 h6 12. Rh3 f5 13. Bf4 Be4 14. Rg3 Bxh4 15. Rh3
Be7 16. Bxh6 gxh6 17. Bxe4 fxe4 18. Nfd2 Bg5 19. Nxe4 Qe8 20. Nxg5 hxg5 21. Qc2
Qf7 22. Ne3 b3 23. Qe4 Nc5 24. Qg4 Nd3+ 25. Kd2 Nxf2 26. Qxg5+ Qg7 27. Qxg7+
Kxg7 28. Rh4 c5 29. Rc1 Nd7 30. Ke2 cxd4 31. Rxd4 Nxe5 32. Rc7+ Kg6 33. Rb7 Nh1
34. Rb5 Ng3+ 35. Ke1 Nf5 36. Re4 Nd6 37. Rexe5 Nxb5 38. axb5 Kf7 39. Re4 Rab8
40. Rb4 Rfc8 41. Nc4 Rc5 42. Na3 Rg8 43. g4 Rcg5 44. Nc4 Kf6 45. b6 Rxg4 46.
bxa7 Ra8 47. Ra4 Rg7 48. Ra3 Raxa7 49. Rxb3 Rg2 50. Rf3+ Kg5 51. Rf2 Rxf2 52.
Kxf2 Kf4 53. Ke2 e5 54. Kd2 e4 55. Kc3 Rc7 56. b3 e3 57. Kd3 Rxc4 58. bxc4 Kf3
59. Kd4 0-1

[Event "SVK Extraliga 2018/2019"]
[Site "Dunajov"]
[Date "2019.03.10"]
[Round "8.2"]
[White "Socko, Bartosz"]
[Black "Vajda, Levente"]
[Result "1-0"]
[WhiteElo "2620"]
[BlackElo "2541"]
[PlyCount "105"]
[EventDate "2019.??.??"]

1. Nf3 Nf6 2. c4 e6 3. d4 d5 4. g3 Be7 5. Bg2 O-O 6. O-O dxc4 7. Ne5 Nc6 8.
Bxc6 bxc6 9. Nxc6 Qe8 10. Nxe7+ Qxe7 11. Qc2 e5 12. Rd1 exd4 13. Rxd4 Qe5 14.
Rxc4 Ba6 15. Bf4 Qa5 16. b4 Qh5 17. Rc5 Qxe2 18. Qxe2 Bxe2 19. Nc3 Bf3 20. Rxc7
Rfc8 21. Rxc8+ Rxc8 22. Nb5 Nd5 23. a3 Nxf4 24. gxf4 a6 25. Nd4 Bd5 26. Rd1 Kf8
27. f3 g6 28. Rd3 Rc1+ 29. Kf2 Bc4 30. Rd2 Rf1+ 31. Kg2 Ra1 32. Rc2 Bd3 33. Rc3
Ra2+ 34. Kg3 Bf5 35. Nc6 Bd7 36. Ne5 Bf5 37. Rc7 Rxa3 38. Rxf7+ Kg8 39. Rb7 Rb3
40. Kh4 h6 41. Rb6 Kg7 42. Kg3 Rb2 43. Rb7+ Kf8 44. h3 Rb3 45. Rb8+ Kg7 46. Rb6
Ra3 47. Rb7+ Kf8 48. Kf2 Rb3 49. Rb6 Kg7 50. h4 h5 51. Nc6 Ra3 52. Rb7+ Kf6 53.
Nd8 1-0

[Event "SVK Extraliga 2018/2019"]
[Site "Dunajov"]
[Date "2019.03.10"]
[Round "8.3"]
[White "Petenyi, Tamas"]
[Black "Antoniewski, Rafal"]
[Result "1/2-1/2"]
[WhiteElo "2423"]
[BlackElo "2505"]
[PlyCount "30"]
[EventDate "2019.??.??"]

1. e4 c5 2. Nf3 Nc6 3. Bb5 e6 4. O-O Nge7 5. c3 a6 6. Ba4 b5 7. Bc2 Bb7 8. Qe2
g6 9. a4 b4 10. d4 cxd4 11. cxd4 Bg7 12. Be3 O-O 13. Nbd2 f5 14. Nb3 fxe4 15.
Bxe4 Na5 1/2-1/2

[Event "SVK Extraliga 2018/2019"]
[Site "Dunajov"]
[Date "2019.03.10"]
[Round "8.4"]
[White "Bulski, Krzysztof"]
[Black "Nemeth, Miklos"]
[Result "1/2-1/2"]
[WhiteElo "2541"]
[BlackElo "2491"]
[PlyCount "33"]
[EventDate "2019.??.??"]

1. e4 e5 2. Nf3 Nc6 3. Bb5 a6 4. Ba4 Nf6 5. O-O Be7 6. d3 d6 7. c3 O-O 8. Re1
b5 9. Bb3 Na5 10. Bc2 c5 11. Nbd2 Re8 12. Nf1 h6 13. a4 b4 14. cxb4 cxb4 15. d4
Qc7 16. Ne3 Bf8 17. d5 1/2-1/2